<?xml version="1.0" encoding="UTF-8"?>
<marc:record xmlns:marc="http://www.loc.gov/MARC21/slim">
   <marc:leader>00000nam a2200000 a 4500</marc:leader>
   <marc:datafield ind1="1" ind2=" " tag="100">
      <marc:subfield code="a">Lust-Sauberer, Elisabeth</marc:subfield>
      <marc:subfield code="4">aut</marc:subfield>
      <marc:subfield code="e">Verfasser/-in</marc:subfield>
   </marc:datafield>
   <marc:datafield ind1="1" ind2=" " tag="100">
      <marc:subfield code="a">Ruckser, Elisabeth</marc:subfield>
      <marc:subfield code="4">aut</marc:subfield>
      <marc:subfield code="e">Verfasser/-in</marc:subfield>
   </marc:datafield>
   <marc:datafield ind1=" " ind2=" " tag="653">
      <marc:subfield code="a">Pflanzenwissen</marc:subfield>
   </marc:datafield>
   <marc:datafield ind1=" " ind2=" " tag="653">
      <marc:subfield code="a">Kräuterwissen</marc:subfield>
   </marc:datafield>
   <marc:datafield ind1=" " ind2=" " tag="653">
      <marc:subfield code="a">Hausmittel</marc:subfield>
   </marc:datafield>
   <marc:datafield ind1=" " ind2=" " tag="653">
      <marc:subfield code="a">Kräuter / Rezepte</marc:subfield>
   </marc:datafield>
   <marc:datafield ind1=" " ind2=" " tag="653">
      <marc:subfield code="a">Seminarbäuerin</marc:subfield>
   </marc:datafield>
   <marc:datafield ind1=" " ind2=" " tag="653">
      <marc:subfield code="a">Hausgarten</marc:subfield>
   </marc:datafield>
   <marc:datafield ind1="0" ind2="0" tag="245">
      <marc:subfield code="a">Mein Kräuterbuch für das ganze Jahr und andere Schätze aus der Natur</marc:subfield>
   </marc:datafield>
   <marc:datafield ind1="0" ind2="0" tag="245">
      <marc:subfield code="b">Alte Weisheit und neues Wissen für Küche, Garten und Haushalt</marc:subfield>
   </marc:datafield>
   <marc:datafield ind1="0" ind2="0" tag="245">
      <marc:subfield code="c">Elisabeth Lust-Sauberer ; Textgestaltung: Elisabeth Ruckser ; Fotos: Barbara Wirl</marc:subfield>
   </marc:datafield>
   <marc:datafield ind1=" " ind2="1" tag="264">
      <marc:subfield code="a">Wien</marc:subfield>
      <marc:subfield code="b">Ueberreuter Verlag</marc:subfield>
      <marc:subfield code="c">2019</marc:subfield>
   </marc:datafield>
   <marc:datafield ind1="1" ind2=" " tag="520">
      <marc:subfield code="a">Die Weinviertler Seminarbäuerin und Kräuterpädagogin Elisabeth Lust-Sauberer nimmt uns in ihrem neuen Buch mit auf eine Reise in die Natur rund ums Haus. Und zeigt uns, was Wertvolles am Wegesrand, im Hausgarten und auf der Wiese wächst. Wozu lassen sich Kamille, Gänseblümchen, Thymian oder Vogelmiere verwenden? Was können Honig, Kren, Kastanie oder Linde? Wissen Sie zum Beispiel, dass Brennnessel-Samen schon seit dem Mittelalter als wahres Superfood gelten? Oder dass Lavendel gegen Gelsen hilft? Und was Oxymel ist? Dieser Ansatz aus Honig, Essig und Kräutern &#x96; früher sagte man auch &#x84;Sauerhonig&#x94; dazu &#x96; ist ein Elixier, das sich in der Salatmarinade ebenso gut macht wie als Erfrischungsgetränk an heißen Tagen oder als Gesundheits-Stamperl am Morgen. Mit zahlreichen Tipps und Rezepten für Küche, Vorratskammer und Wohlbefinden sowie Elisabeths Hausmittel-ABC. Auch Brauchtum und überliefertes Wissen kommen nicht zu kurz. (Verlagsinformation)</marc:subfield>
   </marc:datafield>
   <marc:datafield ind1=" " ind2=" " tag="020">
      <marc:subfield code="a">9783800077182</marc:subfield>
      <marc:subfield code="9">9783800077182</marc:subfield>
   </marc:datafield>
   <marc:datafield ind1=" " ind2=" " tag="041">
      <marc:subfield code="a">ger</marc:subfield>
   </marc:datafield>
   <marc:datafield ind1=" " ind2=" " tag="300">
      <marc:subfield code="a">168 Seiten</marc:subfield>
   </marc:datafield>
</marc:record>
